|
|
|
|
| LEADER |
00000nab a2200000 a 4500 |
| 001 |
ELB97474 |
| 003 |
FlNmELB |
| 005 |
20210112101226.0 |
| 006 |
m o d | |
| 007 |
cr cn||||||||| |
| 008 |
210112c20009999sp qr p o 0 b0spa d |
| 022 |
|
|
|a 0210-900X
|
| 022 |
|
|
|z 0210-900X2 ( Ed. electrónica)
|
| 035 |
|
|
|a (OCoLC)1230260809
|
| 040 |
|
|
|a FlNmELB
|b spa
|c FlNmELB
|
| 050 |
|
4 |
|a T58.5.
|b O772 2000
|
| 080 |
|
|
|a 007:658
|
| 100 |
1 |
|
|a Ortega Martínez, José Antonio.
|
| 222 |
|
0 |
|a Business Review.
|
| 245 |
1 |
0 |
|a Estrategia y organización ante las nuevas tecnologías de información y de telecomunicaciones /
|c José Antonio Ortega Martínez.
|
| 260 |
|
|
|a [Barcelona] :
|b Ediciones Deusto - Planeta de Agostini Profesional y Formación S.L.,
|c [2000]
|
| 300 |
|
|
|a 94-102 p.
|
| 362 |
0 |
|
|a Núm. 94 (2000)-
|
| 533 |
|
|
|a Recurso electrónico. Santa Fe, Arg.: e-libro, 2015. Disponible vía World Wide Web. El acceso puede estar limitado para las bibliotecas afiliadas a e-libro.
|
| 546 |
|
|
|a Artículos en castellano.
|
| 650 |
|
4 |
|a Tecnología de las comunicaciones.
|
| 650 |
|
4 |
|a Estrategias.
|
| 650 |
|
4 |
|a Planificación.
|
| 650 |
|
4 |
|a Telecomunicación.
|
| 650 |
|
4 |
|a Innovaciones.
|
| 650 |
|
0 |
|a Information technology.
|
| 650 |
|
0 |
|a Strategic planning.
|x History.
|
| 650 |
|
0 |
|a Business planning.
|
| 650 |
|
0 |
|a Telecommunication.
|
| 650 |
|
0 |
|a Telecommunication
|x Technological innovations.
|
| 655 |
|
4 |
|a Artículos electrónicos.
|
| 710 |
2 |
|
|a e-libro, Corp.
|
| 740 |
0 |
2 |
|a Business Review.
|
| 856 |
4 |
0 |
|u https://elibro.uam.elogim.com/ereader/bidiuam/97474
|z Texto completo
|